El espectáculo del deseo: usos y formas de la persuasión publicitaria

Na minha lista:
Detalhes bibliográficos
Autor principal: Lomas García, Carlos (autor)
Formato: Livro
Idioma:espanhol
Publicado em: Barcelona Octaedro 1996
Edição:1a. ed
Colecção:Lenguaje y Comunicación
Assuntos:
Tags: Adicionar Tag
Sem tags, seja o primeiro a adicionar uma tag!

MARC

LEADER 00000cam a2200000 a 4500
001 UCD5612
003 CL-VaPUC
008 160930e19960000sp |||||||||||||||||spa|d
020 |a 8480631589 
082 0 4 |a 302.2  |b LOM  |2 21 
100 |a Lomas García, Carlos  |e autor  |9 589409 
245 1 3 |a El espectáculo del deseo: usos y formas de la persuasión publicitaria 
250 |a 1a. ed 
300 |a 253 p 
942 |c BK 
945 |d 20160930 08:06:00  |a cmena 
260 |a Barcelona  |b Octaedro  |c 1996 
650 7 |a PERSUASION  |2 CL-VaPUC  |9 333321 
650 0 |a Medios de comunicación de masas  |9 257273 
650 0 |a Publicidad  |9 314572 
650 7 |a TEORIA LINGUISTICA  |2 CL-VaPUC  |9 334835 
583 |a last modification  |c 20160930 08:06:00  |k Rodrigo Vera 
490 0 |a Lenguaje y Comunicación 
999 |c 366252  |d 366250 
952 |0 0  |1 0  |3 erb  |4 0  |6 302_200000000000000_LOM_1996  |7 0  |8 A  |9 480346  |a FDOPOS  |b FDOPOS  |i 3294803  |o 302.2 LOM 1996  |p 3294803  |r 2025-01-22  |w 2019-11-24  |y BK  |z Catalogado en:20160930  |k MLA